WWF Royal Rumble 1998 Entrants Quiz - Statistics

General Stats
  • This quiz has been taken 309 times
  • The average score is 20 of 30
Answer Stats
EN Answer EL % Correct
24 Stone Cold Steve Austin W
96%
1 Cactus Jack 2
90%
28 Dude Love 26
90%
16 Mankind 7
90%
4 The Rock 28
86%
9 Owen Hart 10
81%
27 Faarooq 27
79%
11 D'Lo Brown 16
74%
21 Mark Henry 25
73%
2 Chainsaw Charlie 6
69%
17 Goldust 23
68%
3 Tom Brandi 1
67%
14 Ken Shamrock 9
66%
30 Vader 21
66%
18 Jeff Jarrett 8
65%
23 Kama Mustafa 19
65%
8 Blackjack Bradshaw 15
64%
7 8-Ball 14
58%
25 Henry O. Godwinn 22
57%
29 Chainz 24
55%
10 Steve Blackman 4
55%
20 Ahmed Johnson 11
54%
22 Skull NA
54%
6 Phineas I. Godwinn 12
53%
26 Savio Vega 20
53%
13 Marc Mero 13
52%
5 Mosh 3
52%
12 Kurrgan 5
50%
15 Thrasher 18
48%
19 The Honky Tonk Man 17
44%
No matching quizzes found
Score Distribution
Percent of People with Each Score
Percentile by Number Answered
Your Score History
You have not taken this quiz